[Event "41. Torneo de Ajedrez Villa de Mislata"]
[Site "Mislata ESP"]
[Date "2007.08.22"]
[Round "1.1"]
[White "Carbonell Vila, Juan Luis"]
[Black "Hernandez, Holden"]
[Result "0-1"]
[WhiteElo "1943"]
[BlackElo "2544"]
[PlyCount "70"]
[EventDate "2007.08.23"]
[EventType "swiss"]
[EventRounds "9"]
[EventCountry "ESP"]
[Source "lmi"]
[SourceDate "2007.08.23"]

1. d4 Nf6 2. Nf3 e6 3. Nbd2 d5 4. e3 c5 5. c3 Nbd7 6. Bd3 Bd6 7. O-O O-O 8. e4
cxd4 9. cxd4 dxe4 10. Nxe4 Nxe4 11. Bxe4 Nf6 12. Bc2 b6 13. Re1 h6 14. Bd2 Ba6
15. Ne5 Rc8 16. Rc1 Rc7 17. Bc3 Bxe5 18. dxe5 Nd5 19. Bb1 Nxc3 20. bxc3 Qxd1
21. Rexd1 Rfc8 22. Rd4 Kf8 23. Bd3 Bb7 24. c4 b5 25. Rc2 Ba6 26. f4 bxc4 27.
Be4 Rb8 28. Rd6 Rb6 29. Rd4 Bb5 30. f5 Ke7 31. fxe6 Kxe6 32. Bd3 Kxe5 33. Re4+
Kd6 34. Rg4 cxd3 35. Rxc7 d2 0-1

[Event "41. Torneo de Ajedrez Villa de Mislata"]
[Site "Mislata ESP"]
[Date "2007.08.22"]
[Round "1.2"]
[White "Cabrera Pino, Alexis"]
[Black "Carrasco Fernandez, Manuel"]
[Result "1-0"]
[WhiteElo "2514"]
[BlackElo "1942"]
[PlyCount "64"]
[EventDate "2007.08.23"]
[EventType "swiss"]
[EventRounds "9"]
[EventCountry "ESP"]
[Source "lmi"]
[SourceDate "2007.08.23"]

1. e4 d6 2. d4 g6 3. Nf3 Bg7 4. c3 Nf6 5. Bd3 O-O 6. O-O Nbd7 7. Bg5 h6 8. Bh4
e5 9. Nbd2 g5 10. Bg3 Nh5 11. Nc4 Nf4 12. Ne3 Qf6 13. Bxf4 gxf4 14. Nf5 Kh7 15.
g3 Rg8 16. gxf4 Nf8 17. fxe5 dxe5 18. dxe5 Qg6+ 19. Kh1 Bxf5 20. exf5 Qc6 21.
f6+ Ng6 22. fxg7 Rxg7 23. Qe2 Kh8 24. Be4 Qe6 25. Bxg6 Rxg6 26. Rg1 Rag8 27.
Rxg6 Rxg6 28. a3 f6 29. Rg1 Rxg1+ 30. Kxg1 Qg4+ 31. Kf1 fxe5 32. Qxe5+ Kg8 1-0

[Event "41. Torneo de Ajedrez Villa de Mislata"]
[Site "Mislata ESP"]
[Date "2007.08.22"]
[Round "1.3"]
[White "Soler Nadal, Jose Antonio"]
[Black "Komljenovic, Davor"]
[Result "0-1"]
[WhiteElo "1939"]
[BlackElo "2487"]
[PlyCount "84"]
[EventDate "2007.08.23"]
[EventType "swiss"]
[EventRounds "9"]
[EventCountry "ESP"]
[Source "lmi"]
[SourceDate "2007.08.23"]

1. d4 Nf6 2. e3 g6 3. Nf3 Bg7 4. c4 O-O 5. Nc3 d6 6. Be2 Nbd7 7. O-O e5 8. dxe5
dxe5 9. e4 c6 10. Qc2 Qe7 11. a3 Nc5 12. h3 Nh5 13. Rd1 Nf4 14. Bxf4 exf4 15.
b4 Nd7 16. Rab1 Ne5 17. Nxe5 Qxe5 18. Na4 Re8 19. f3 b6 20. Nb2 Qg5 21. Kh1 c5
22. Bf1 Bd4 23. Rxd4 cxd4 24. Qd2 Qf6 25. Nd3 g5 26. Rc1 Bd7 27. Qf2 Red8 28.
c5 Rac8 29. e5 Qe7 30. Qxd4 Bxh3 31. Qe4 Be6 32. cxb6 axb6 33. Rxc8 Rxc8 34.
Kh2 Qc7 35. Nf2 Qc6 36. Qd4 Bf5 37. Bd3 Qh6+ 38. Nh3 Bxh3 39. gxh3 Qh4 40. Qg1
Rc3 41. Be4 Rxa3 42. b5 Ra2+ 0-1

[Event "41. Torneo de Ajedrez Villa de Mislata"]
[Site "Mislata ESP"]
[Date "2007.08.22"]
[Round "1.4"]
[White "Abreu Delgado, Aryram"]
[Black "Gomez Manzano, Francisco Carlos"]
[Result "1-0"]
[WhiteElo "2484"]
[BlackElo "1938"]
[PlyCount "21"]
[EventDate "2007.08.23"]
[EventType "swiss"]
[EventRounds "9"]
[EventCountry "ESP"]
[Source "lmi"]
[SourceDate "2007.08.23"]

1. e4 c5 2. Nf3 Nc6 3. d4 cxd4 4. Nxd4 g6 5. Nc3 Bg7 6. Be3 d6 7. Qd2 Bd7 8. f3
a6 9. Nd5 Nf6 10. Nxc6 Bxc6 11. Bb6 1-0

[Event "41. Torneo de Ajedrez Villa de Mislata"]
[Site "Mislata ESP"]
[Date "2007.08.22"]
[Round "1.6"]
[White "Rodriguez Guerrero, Enrique"]
[Black "Guillen Domenech, Antonio"]
[Result "1-0"]
[WhiteElo "2447"]
[BlackElo "1934"]
[PlyCount "89"]
[EventDate "2007.08.23"]
[EventType "swiss"]
[EventRounds "9"]
[EventCountry "ESP"]
[Source "lmi"]
[SourceDate "2007.08.23"]

1. e4 c6 2. d4 d5 3. Nc3 dxe4 4. Nxe4 Nd7 5. Ng5 Ngf6 6. Bd3 e6 7. N1f3 Bd6 8.
Qe2 h6 9. Ne4 Nxe4 10. Qxe4 Qc7 11. O-O c5 12. Re1 Nf6 13. Qh4 Bd7 14. dxc5
Qxc5 15. Be3 Qh5 16. Qd4 Qd5 17. Rad1 Qxd4 18. Bxd4 Be7 19. Ne5 Bc6 20. Nxc6
bxc6 21. Be2 O-O 22. Bf3 Rfc8 23. Be5 a5 24. Rd3 Ra6 25. Rb3 Nd7 26. Bd4 Bf6
27. Rd1 Bxd4 28. Rxd4 Nf6 29. Rd6 Ne8 30. Rd2 Nf6 31. Rd6 Ne8 32. Rdd3 Nf6 33.
Kf1 g5 34. g3 Kg7 35. Ke2 Rc7 36. Rd6 Ne8 37. Rd8 Nf6 38. Rbb8 c5 39. Rbc8 Rxc8
40. Rxc8 Nd7 41. Rc7 Rd6 42. b3 Kf6 43. Ra7 Ne5 44. Rxa5 c4 45. Rc5 1-0

[Event "41. Torneo de Ajedrez Villa de Mislata"]
[Site "Mislata ESP"]
[Date "2007.08.22"]
[Round "1.7"]
[White "Castellote Lillo, Javier"]
[Black "Garcia Roman, Daniel"]
[Result "0-1"]
[WhiteElo "1927"]
[BlackElo "2427"]
[PlyCount "72"]
[EventDate "2007.08.23"]
[EventType "swiss"]
[EventRounds "9"]
[EventCountry "ESP"]
[Source "lmi"]
[SourceDate "2007.08.23"]

1. e4 e6 2. b3 d5 3. Bb2 c5 4. Qe2 Nf6 5. d3 Nc6 6. e5 Nd7 7. f4 d4 8. g3 g5 9.
Qh5 gxf4 10. gxf4 Nb6 11. Nf3 Nd5 12. Ng5 Qc7 13. Bc1 h6 14. Bh3 hxg5 15. Qxh8
gxf4 16. O-O Nxe5 17. Nd2 Ng6 18. Qh5 Qe5 19. Qxe5 Nxe5 20. Nc4 Nxc4 21. bxc4
Ne3 22. Bxe3 fxe3 23. Bg2 Be7 24. Rf3 e5 25. Rg3 Kf8 26. Rf3 Bh4 27. Bf1 Bg4
28. Be2 Bxf3 29. Bxf3 Rb8 30. Kf1 Ke7 31. Ke2 b6 32. Rg1 Rh8 33. Bd5 f5 34.
Rg7+ Kf6 35. Rg2 Bg5 36. Kf1 Bf4 0-1

[Event "41. Torneo de Ajedrez Villa de Mislata"]
[Site "Mislata ESP"]
[Date "2007.08.22"]
[Round "1.8"]
[White "Gongora Reyes, Maikel"]
[Black "Cucarella Montell, Angels"]
[Result "1-0"]
[WhiteElo "2425"]
[BlackElo "1921"]
[PlyCount "65"]
[EventDate "2007.08.23"]
[EventType "swiss"]
[EventRounds "9"]
[EventCountry "ESP"]
[Source "lmi"]
[SourceDate "2007.08.23"]

1. d4 f5 2. c4 Nf6 3. Nc3 e6 4. e3 Be7 5. Bd3 b6 6. Nge2 Bb7 7. f3 O-O 8. Qc2
Nc6 9. a3 d5 10. Nf4 Qd7 11. Bd2 Nd8 12. O-O-O c5 13. Kb1 Rc8 14. dxc5 Rxc5 15.
Qb3 Kh8 16. cxd5 exd5 17. Nce2 Nc6 18. Nd4 Nxd4 19. exd4 Rcc8 20. Rde1 Bd6 21.
Ne6 Bc6 22. Nxf8 Bxf8 23. Rc1 Re8 24. Qc2 Ba4 25. Qc7 Bd6 26. Qxd7 Bxd7 27. g3
Kg8 28. Rhe1 Kf7 29. Rxe8 Nxe8 30. Bb4 Bxb4 31. axb4 Ke7 32. Kc2 Kd6 33. Ra1
1-0

[Event "41. Torneo de Ajedrez Villa de Mislata"]
[Site "Mislata ESP"]
[Date "2007.08.22"]
[Round "1.10"]
[White "Mellado Triviño, Joan"]
[Black "Navarro Lopez-Menchero, Daniel"]
[Result "1-0"]
[WhiteElo "2389"]
[BlackElo "1920"]
[PlyCount "81"]
[EventDate "2007.08.23"]
[EventType "swiss"]
[EventRounds "9"]
[EventCountry "ESP"]
[Source "lmi"]
[SourceDate "2007.08.23"]

1. c4 Nf6 2. Nc3 e6 3. e4 d6 4. d4 c5 5. dxc5 dxc5 6. Qxd8+ Kxd8 7. e5 Nfd7 8.
f4 Nc6 9. Be3 a6 10. O-O-O Kc7 11. Nf3 h6 12. Bd3 b6 13. Rd2 Bb7 14. Rhd1 Rd8
15. Be4 Be7 16. Nd5+ exd5 17. cxd5 Nd4 18. d6+ Bxd6 19. exd6+ Kb8 20. Bxb7 Kxb7
21. Bxd4 cxd4 22. Nxd4 Nc5 23. Nf5 g6 24. Ne3 Rd7 25. Ng4 Rc8 26. Kb1 Ne4 27.
Rd4 f5 28. Ne5 Rg7 29. h4 Rd8 30. a4 Nf2 31. Rc1 Ne4 32. d7 Nc5 33. Ka2 g5 34.
hxg5 hxg5 35. fxg5 Re7 36. Rd5 Rg7 37. a5 Ne4 38. axb6 Kxb6 39. Rc8 Rgg8 40.
Rxd8 Rxd8 41. Nf7 1-0

[Event "41. Torneo de Ajedrez Villa de Mislata"]
[Site "Mislata ESP"]
[Date "2007.08.22"]
[Round "1.11"]
[White "Castro Exposito, Cristobal"]
[Black "Castella Garcia, Fausto"]
[Result "0-1"]
[WhiteElo "1916"]
[BlackElo "2381"]
[PlyCount "66"]
[EventDate "2007.08.23"]
[EventType "swiss"]
[EventRounds "9"]
[EventCountry "ESP"]
[Source "lmi"]
[SourceDate "2007.08.23"]

1. d4 Nf6 2. Nf3 g6 3. Bf4 Bg7 4. e3 O-O 5. Be2 d6 6. h3 Nfd7 7. O-O e5 8. Bh2
Nc6 9. c4 exd4 10. exd4 Re8 11. Nc3 Nf6 12. Qd2 Bf5 13. d5 Ne7 14. Nd4 Bd7 15.
Rfe1 Nf5 16. Nxf5 Bxf5 17. Bd3 Qd7 18. f3 h5 19. Bxf5 Qxf5 20. Nb5 Qd7 21.
Rxe8+ Rxe8 22. Qa5 a6 23. Nc3 Bh6 24. Qb4 b6 25. Qb3 Qf5 26. Qd1 h4 27. Ne2 Nd7
28. Nd4 Qf6 29. Kh1 Be3 30. Bg1 Qf4 31. Bxe3 Rxe3 32. Qd2 Nc5 33. Rf1 Ne4 0-1

[Event "41. Torneo de Ajedrez Villa de Mislata"]
[Site "Mislata ESP"]
[Date "2007.08.22"]
[Round "1.12"]
[White "Alonso Moyano, Jonathan"]
[Black "Gimenez Ruiz, Jesus"]
[Result "1-0"]
[WhiteElo "2372"]
[BlackElo "1910"]
[PlyCount "51"]
[EventDate "2007.08.23"]
[EventType "swiss"]
[EventRounds "9"]
[EventCountry "ESP"]
[Source "lmi"]
[SourceDate "2007.08.23"]

1. e4 d5 2. exd5 Qxd5 3. Nc3 Qa5 4. d4 c6 5. Bc4 Nf6 6. Qe2 Bf5 7. Bd2 e6 8.
Nd5 Qd8 9. Nxf6+ Qxf6 10. Nf3 Qd8 11. d5 cxd5 12. Bb5+ Nc6 13. Nd4 Be7 14. Nxc6
bxc6 15. Bxc6+ Kf8 16. Bxa8 Qxa8 17. O-O Bc5 18. b4 Bd4 19. Rac1 Ke7 20. c3 Bb6
21. a4 a5 22. Be3 Qb7 23. Rfd1 Rb8 24. Bxb6 Qxb6 25. Rxd5 axb4 26. Rxf5 1-0

[Event "41. Torneo de Ajedrez Villa de Mislata"]
[Site "Mislata ESP"]
[Date "2007.08.22"]
[Round "1.13"]
[White "Moya Sapena, Juan"]
[Black "Kovacevic, Slobodan"]
[Result "1/2-1/2"]
[WhiteElo "1906"]
[BlackElo "2364"]
[PlyCount "55"]
[EventDate "2007.08.23"]
[EventType "swiss"]
[EventRounds "9"]
[EventCountry "ESP"]
[Source "lmi"]
[SourceDate "2007.08.23"]

1. Nf3 c5 2. g3 b6 3. Bg2 Bb7 4. d3 Nf6 5. e4 Nc6 6. Nbd2 e6 7. O-O d5 8. exd5
Nxd5 9. Re1 Be7 10. Nc4 O-O 11. h4 h6 12. Nfe5 Nd4 13. Bxh6 gxh6 14. Qg4+ Kh8
15. Qh5 Kg7 16. Qg4+ Kh8 17. Qh5 Kg7 18. Qg4+ Kh7 19. Be4+ Nf5 20. Bxf5+ exf5
21. Qxf5+ Kg7 22. Qg4+ Kh8 23. Qh5 Kg7 24. Qg4+ Kh7 25. Qf5+ Kg7 26. Qg4+ Kh8
27. Qh5 Kg7 28. Qg4+ 1/2-1/2

[Event "41. Torneo de Ajedrez Villa de Mislata"]
[Site "Mislata ESP"]
[Date "2007.08.22"]
[Round "1.14"]
[White "Berrocal Farina, Jorge"]
[Black "Gimenez Menchon, Cesar"]
[Result "1-0"]
[WhiteElo "2353"]
[BlackElo "1895"]
[PlyCount "47"]
[EventDate "2007.08.23"]
[EventType "swiss"]
[EventRounds "9"]
[EventCountry "ESP"]
[Source "lmi"]
[SourceDate "2007.08.23"]

1. e4 c6 2. d4 d5 3. Nd2 dxe4 4. Nxe4 Nd7 5. Ng5 Ngf6 6. Bd3 e6 7. N1f3 h6 8.
Nxe6 Qe7 9. O-O Nb6 10. Nxf8 Rxf8 11. Re1 Be6 12. c4 O-O-O 13. Qc2 Qc7 14. Bd2
g5 15. Ba5 g4 16. Ne5 Rxd4 17. c5 Nfd7 18. cxb6 axb6 19. Bc3 Nxe5 20. Bxd4 Nf3+
21. gxf3 gxf3 22. Be5 Rg8+ 23. Kh1 Bh3 24. Bf5+ 1-0

[Event "41. Torneo de Ajedrez Villa de Mislata"]
[Site "Mislata ESP"]
[Date "2007.08.22"]
[Round "1.15"]
[White "Carcel Valero, Juan Antonio"]
[Black "Camarena Gimenez, Rufino"]
[Result "0-1"]
[WhiteElo "1884"]
[BlackElo "2332"]
[PlyCount "86"]
[EventDate "2007.08.23"]
[EventType "swiss"]
[EventRounds "9"]
[EventCountry "ESP"]
[Source "lmi"]
[SourceDate "2007.08.23"]

1. e4 e6 2. d4 d5 3. Nc3 Bb4 4. e5 c5 5. Bd2 Nc6 6. Nb5 Bxd2+ 7. Qxd2 Nxd4 8.
Nxd4 cxd4 9. f4 Ne7 10. Nf3 Qb6 11. O-O-O Bd7 12. Nxd4 Rc8 13. Be2 Nc6 14. Kb1
Nxd4 15. Qxd4 Qxd4 16. Rxd4 Ke7 17. c4 dxc4 18. Bxc4 Bc6 19. Rhd1 Rhd8 20. Rxd8
Be4+ 21. Ka1 Rxd8 22. Rxd8 Kxd8 23. g3 Kc7 24. b3 Kc6 25. b4 Bd5 26. Bd3 h6 27.
Kb2 Bf3 28. Kc3 Kd5 29. Bc2 Be2 30. a3 Bg4 31. Kd2 Kd4 32. Bb3 g5 33. h4 gxf4
34. gxf4 Ke4 35. Kc3 Kxf4 36. Kd4 Kg3 37. Ke3 Kxh4 38. Kf4 Bf5 39. Ba4 Kh5 40.
Bd1+ Kg6 41. Bf3 b6 42. Bc6 h5 43. Be8 h4 0-1

[Event "41. Torneo de Ajedrez Villa de Mislata"]
[Site "Mislata ESP"]
[Date "2007.08.22"]
[Round "1.16"]
[White "Vega Gutierrez, Sabrina"]
[Black "Crecente Penalva, Jose Manuel"]
[Result "1-0"]
[WhiteElo "2321"]
[BlackElo "2140"]
[PlyCount "61"]
[EventDate "2007.08.23"]
[EventType "swiss"]
[EventRounds "9"]
[EventCountry "ESP"]
[Source "lmi"]
[SourceDate "2007.08.23"]

1. e4 e5 2. Nf3 Nf6 3. Nc3 Nc6 4. d4 Bb4 5. Nxe5 O-O 6. Bd3 Nxd4 7. Be3 Ne6 8.
O-O Bxc3 9. bxc3 d6 10. Nc4 d5 11. Nd2 dxe4 12. Nxe4 Bd7 13. Qf3 Bc6 14. Nxf6+
Qxf6 15. Qxf6 gxf6 16. f3 Kg7 17. Kf2 Rfd8 18. Rab1 a5 19. Rfe1 b6 20. h4 Rd5
21. c4 Rdd8 22. h5 h6 23. Rh1 Rh8 24. Rh4 Kf8 25. c5 bxc5 26. Rc4 Bd5 27. Bxc5+
Ke8 28. Rc3 Bxa2 29. Bb5+ Kd8 30. Rd3+ Kc8 31. Bd7+ 1-0

[Event "41. Torneo de Ajedrez Villa de Mislata"]
[Site "Mislata ESP"]
[Date "2007.08.22"]
[Round "1.17"]
[White "Miquel Badenes, José"]
[Black "Sospedra Sebastian, Juan"]
[Result "0-1"]
[WhiteElo "1884"]
[BlackElo "2303"]
[PlyCount "50"]
[EventDate "2007.08.23"]
[EventType "swiss"]
[EventRounds "9"]
[EventCountry "ESP"]
[Source "lmi"]
[SourceDate "2007.08.23"]

1. Nf3 d5 2. b4 c6 3. Bb2 a5 4. c3 Nd7 5. e3 e5 6. a3 e4 7. Nd4 Ne5 8. Be2 Nf6
9. h3 Bd6 10. f4 exf3 11. Nxf3 Nxf3+ 12. Bxf3 Bg3+ 13. Ke2 Bf5 14. d3 O-O 15.
Nd2 Re8 16. Nf1 Bc7 17. Kd2 Bb6 18. g4 Bg6 19. g5 Ne4+ 20. dxe4 dxe4+ 21. Ke1
exf3 22. Qxd8 Raxd8 23. Kf2 Bxe3+ 24. Kg3 Bxg5 25. Rh2 Rd3 0-1

[Event "41. Torneo de Ajedrez Villa de Mislata"]
[Site "Mislata ESP"]
[Date "2007.08.22"]
[Round "1.18"]
[White "Gomez Jurado, Luis Alberto"]
[Black "Hernandez Jimenez, Ana Maria"]
[Result "1-0"]
[WhiteElo "2301"]
[BlackElo "1867"]
[PlyCount "57"]
[EventDate "2007.08.23"]
[EventType "swiss"]
[EventRounds "9"]
[EventCountry "ESP"]
[Source "lmi"]
[SourceDate "2007.08.23"]

1. d4 d5 2. Nf3 Nf6 3. c4 e6 4. Nc3 c6 5. e3 Nbd7 6. Qc2 Be7 7. g4 Bb4 8. Bd2
Qe7 9. g5 Bxc3 10. Bxc3 Ne4 11. h4 b6 12. Bd3 Nxc3 13. bxc3 dxc4 14. Bxc4 Bb7
15. O-O-O O-O-O 16. Kb1 Kb8 17. Ka1 Rhe8 18. h5 Qa3 19. Nd2 b5 20. Be2 Nb6 21.
Nb1 Qa4 22. Qxh7 c5 23. Rhe1 Bd5 24. Rd2 b4 25. dxc5 b3 26. Rb2 Nc4 27. Rxb3+
Kc7 28. Rb4 Qa6 29. e4 1-0

[Event "41. Torneo de Ajedrez Villa de Mislata"]
[Site "Mislata ESP"]
[Date "2007.08.22"]
[Round "1.19"]
[White "Calderon Campos, Jose Carlos"]
[Black "Ipatov, Alexander"]
[Result "0-1"]
[WhiteElo "1858"]
[BlackElo "2298"]
[PlyCount "86"]
[EventDate "2007.08.23"]
[EventType "swiss"]
[EventRounds "9"]
[EventCountry "ESP"]
[Source "lmi"]
[SourceDate "2007.08.23"]

1. e4 c5 2. Nc3 g6 3. f4 Bg7 4. Nf3 d6 5. Bc4 Nc6 6. d3 e6 7. O-O Nge7 8. Qe1
Na5 9. Bb5+ Nec6 10. Be3 O-O 11. Bxc6 Nxc6 12. Qg3 Nd4 13. Bxd4 cxd4 14. Ne2
Qb6 15. b3 Bd7 16. e5 Bc6 17. exd6 Bxf3 18. Qxf3 Rac8 19. Rac1 Rfd8 20. Ng3
Rxd6 21. Qe2 Rdc6 22. Qd2 Qc7 23. Rf2 f5 24. Nf1 h5 25. h3 h4 26. Nh2 e5 27.
fxe5 Bxe5 28. Nf1 Kg7 29. Qg5 Bf6 30. Qd2 Re8 31. Nh2 Be5 32. Nf1 Rce6 33. Qg5
Bf6 34. Qd2 Qe7 35. Qd1 Bg5 36. Rb1 Re1 37. Qxe1 Qxe1 38. Rxe1 Rxe1 39. Kh2 Be3
40. Nxe3 dxe3 41. Rf3 Kf6 42. d4 g5 43. d5 f4 0-1

[Event "41. Torneo de Ajedrez Villa de Mislata"]
[Site "Mislata ESP"]
[Date "2007.08.22"]
[Round "1.22"]
[White "Torres Sanchez, Jose"]
[Black "Peñarrubia Blasco, José Alfredo"]
[Result "1-0"]
[WhiteElo "2296"]
[BlackElo "1858"]
[PlyCount "32"]
[EventDate "2007.08.23"]
[EventType "swiss"]
[EventRounds "9"]
[EventCountry "ESP"]
[Source "lmi"]
[SourceDate "2007.08.23"]

1. e4 e5 2. Nf3 Nc6 3. Bb5 d6 4. d4 exd4 5. Qxd4 Bd7 6. Bxc6 Bxc6 7. Nc3 Qf6 8.
Qc4 Qe6 9. Qd3 Be7 10. Nd4 Qg6 11. O-O Bd7 12. Nd5 Bd8 13. Nf5 h6 14. Re1 Be6
15. Qb5+ c6 16. Qxb7 Rc8 1-0

[Event "41. Torneo de Ajedrez Villa de Mislata"]
[Site "Mislata ESP"]
[Date "2007.08.23"]
[Round "2.1"]
[White "Hernandez, Holden"]
[Black "Ribes Peris, Alvaro"]
[Result "1-0"]
[WhiteElo "2544"]
[BlackElo "2135"]
[PlyCount "60"]
[EventDate "2007.08.23"]
[EventType "swiss"]
[EventRounds "9"]
[EventCountry "ESP"]
[Source "lmi"]
[SourceDate "2007.08.23"]

1. e4 Nf6 2. e5 Nd5 3. d4 d6 4. Nf3 g6 5. Bc4 Nb6 6. Bb3 Bg7 7. O-O O-O 8. h3
c5 9. dxc5 dxc5 10. Qe2 Qc7 11. Na3 a6 12. Bf4 Be6 13. Bxe6 fxe6 14. Bg3 Rf5
15. Nc4 Nxc4 16. Qxc4 Qc6 17. Qh4 Nd7 18. Qxe7 Nxe5 19. Bxe5 Bxe5 20. Ng5 Bg7
21. Rfd1 Qe8 22. Qxe6+ Qxe6 23. Nxe6 Bxb2 24. Rab1 Bc3 25. Nc7 Rc8 26. Nd5 Bf6
27. Rxb7 Kh8 28. g4 Rf3 29. Nxf6 Rxf6 30. Rdd7 Re8 1-0

[Event "41. Torneo de Ajedrez Villa de Mislata"]
[Site "Mislata ESP"]
[Date "2007.08.23"]
[Round "2.2"]
[White "Vicente Montesinos, Avelino"]
[Black "Cabrera Pino, Alexis"]
[Result "0-1"]
[WhiteElo "2141"]
[BlackElo "2514"]
[PlyCount "78"]
[EventDate "2007.08.23"]
[EventType "swiss"]
[EventRounds "9"]
[EventCountry "ESP"]
[Source "lmi"]
[SourceDate "2007.08.23"]

1. e4 c5 2. Nf3 Nc6 3. d4 cxd4 4. Nxd4 Nf6 5. Nc3 e5 6. Ndb5 d6 7. Bg5 a6 8.
Na3 b5 9. Nd5 Be7 10. Bxf6 Bxf6 11. c4 O-O 12. cxb5 Nd4 13. Bd3 Qa5+ 14. Qd2
Qxd2+ 15. Kxd2 Bg5+ 16. f4 exf4 17. Kc3 Nxb5+ 18. Nxb5 axb5 19. Bxb5 f5 20. h4
Bd8 21. Bc4 Kh8 22. Rae1 Bb7 23. h5 fxe4 24. Rxe4 Bf6+ 25. Nxf6 Rxf6 26. Re7
Bxg2 27. Rhe1 f3 28. Ra7 Rc8 29. Ree7 f2 30. Rac7 Rcf8 31. Rxg7 Be4 32. Bf1 Rh6
33. Rg5 Bf3 34. a4 Bxh5 35. a5 Bf3 36. Rgg7 Rh1 37. Rge7 Be4 38. Rxe4 Rxf1 39.
Rh4 Rc1+ 0-1

[Event "41. Torneo de Ajedrez Villa de Mislata"]
[Site "Mislata ESP"]
[Date "2007.08.23"]
[Round "2.3"]
[White "Komljenovic, Davor"]
[Black "Megias Chafer, Alex"]
[Result "1-0"]
[WhiteElo "2487"]
[BlackElo "2123"]
[PlyCount "80"]
[EventDate "2007.08.23"]
[EventType "swiss"]
[EventRounds "9"]
[EventCountry "ESP"]
[Source "lmi"]
[SourceDate "2007.08.23"]

1. c4 Nf6 2. Nf3 e6 3. g3 b6 4. d4 Bb7 5. Bg2 c5 6. d5 exd5 7. Nh4 g6 8. Nc3
Bg7 9. cxd5 O-O 10. O-O d6 11. Nf3 Re8 12. Nd2 Nbd7 13. h3 a6 14. a4 Rb8 15.
Nc4 Ne5 16. Na3 Qe7 17. f4 Ned7 18. Kh2 Nf8 19. e4 N6d7 20. Qc2 Ba8 21. Bd2 Qd8
22. Rae1 Qc7 23. Qd3 Bb7 24. Rf2 Rbd8 25. Nc4 Qb8 26. Rfe2 f6 27. Qb1 Ba8 28.
Na3 Re7 29. Bf1 Rde8 30. Re3 Bb7 31. b4 Bc8 32. Nc4 Qc7 33. bxc5 bxc5 34. Nd1
Qa7 35. Nxd6 Nb6 36. a5 Na8 37. Nxe8 Rxe8 38. Bc4 Kh8 39. Bc3 Qd7 40. Nf2 Nc7
1-0

[Event "41. Torneo de Ajedrez Villa de Mislata"]
[Site "Mislata ESP"]
[Date "2007.08.23"]
[Round "2.4"]
[White "Arance Gonzalez, Luis"]
[Black "Abreu Delgado, Aryram"]
[Result "0-1"]
[WhiteElo "2123"]
[BlackElo "2486"]
[PlyCount "62"]
[EventDate "2007.08.23"]
[EventType "swiss"]
[EventRounds "9"]
[EventCountry "ESP"]
[Source "lmi"]
[SourceDate "2007.08.23"]

1. e4 c5 2. Nf3 d6 3. d3 Nc6 4. g3 g6 5. Bg2 Bg7 6. O-O e5 7. Nc3 Nge7 8. Nh4
O-O 9. f4 exf4 10. Bxf4 h6 11. Be3 Nd4 12. Qd2 Kh7 13. Kh1 Be6 14. Ne2 Nxe2 15.
Qxe2 Rc8 16. c4 Qd7 17. Qd2 Bg4 18. Bf3 Be6 19. Bg2 b5 20. Rac1 bxc4 21. dxc4
Nc6 22. Rfd1 Rfd8 23. Bf3 Ne5 24. Be2 Qb7 25. Bf1 Bg4 26. Be2 Qxe4+ 27. Ng2
Bxe2 28. Qxe2 Ng4 29. b3 Bd4 30. Qd3 Qxd3 31. Rxd3 Bxe3 0-1

[Event "41. Torneo de Ajedrez Villa de Mislata"]
[Site "Mislata ESP"]
[Date "2007.08.23"]
[Round "2.5"]
[White "Castellanos Rodriguez, Renier"]
[Black "Sanchez Raboso, Vicente"]
[Result "1-0"]
[WhiteElo "2471"]
[BlackElo "2122"]
[PlyCount "79"]
[EventDate "2007.08.23"]
[EventType "swiss"]
[EventRounds "9"]
[EventCountry "ESP"]
[Source "lmi"]
[SourceDate "2007.08.23"]

1. e4 e5 2. Nf3 Nc6 3. Bb5 a6 4. Ba4 Nf6 5. d3 Bc5 6. c3 b5 7. Bb3 O-O 8. Bg5
h6 9. Bh4 d6 10. Nbd2 Be6 11. O-O Bb6 12. Re1 g5 13. Bg3 Bg4 14. Nf1 Ne7 15. h4
gxh4 16. Bxh4 Ng6 17. Bg3 Nh5 18. Ne3 Bxe3 19. Rxe3 Qf6 20. Qd2 Kh7 21. Nh2 Qg5
22. Nxg4 Qxg4 23. Bd1 Qg5 24. Qe2 Nhf4 25. Qg4 Qf6 26. Qf5 Qg7 27. Bxf4 exf4
28. Rh3 Rae8 29. d4 c5 30. Qd5 Rg8 31. Bf3 Re6 32. Rd1 Ne7 33. Qb7 cxd4 34.
cxd4 d5 35. exd5 Re2 36. Rh2 Rxb2 37. Qxe7 Rxa2 38. d6 Ra3 39. d7 Rxf3 40. Qe4+
1-0

[Event "41. Torneo de Ajedrez Villa de Mislata"]
[Site "Mislata ESP"]
[Date "2007.08.23"]
[Round "2.6"]
[White "Benavent Espi, Vicente"]
[Black "Rodriguez Guerrero, Enrique"]
[Result "0-1"]
[WhiteElo "2108"]
[BlackElo "2447"]
[PlyCount "70"]
[EventDate "2007.08.23"]
[EventType "swiss"]
[EventRounds "9"]
[EventCountry "ESP"]
[Source "lmi"]
[SourceDate "2007.08.23"]

1. e4 e6 2. d4 d5 3. Nc3 Bb4 4. Nge2 Nc6 5. e5 f6 6. Nf4 Qe7 7. Qh5+ Qf7 8.
Qxf7+ Kxf7 9. exf6 gxf6 10. Be3 Nge7 11. O-O-O Nf5 12. Nb5 Bd7 13. c4 Nce7 14.
cxd5 exd5 15. Bd2 Bxd2+ 16. Rxd2 c6 17. Nc3 Ng6 18. Nd3 Rae8 19. Nc5 Re1+ 20.
Rd1 Rxd1+ 21. Kxd1 Bc8 22. Nb3 h5 23. g3 h4 24. g4 Nd6 25. h3 Nf4 26. Nc1 Rd8
27. N3e2 Ne6 28. f3 Ng5 29. f4 Nge4 30. Kc2 Nc4 31. Nd3 Re8 32. Rg1 b6 33. Kc1
Ned2 34. Nc3 Nf3 35. Rh1 Nxd4 0-1

[Event "41. Torneo de Ajedrez Villa de Mislata"]
[Site "Mislata ESP"]
[Date "2007.08.23"]
[Round "2.7"]
[White "Garcia Roman, Daniel"]
[Black "Vega Gutiérrez, Belinda"]
[Result "1-0"]
[WhiteElo "2427"]
[BlackElo "2098"]
[PlyCount "89"]
[EventDate "2007.08.23"]
[EventType "swiss"]
[EventRounds "9"]
[EventCountry "ESP"]
[Source "lmi"]
[SourceDate "2007.08.23"]

1. c4 e6 2. Nc3 Nf6 3. d4 Bb4 4. Nf3 O-O 5. Bg5 h6 6. Bh4 d5 7. e3 Nbd7 8. cxd5
exd5 9. Bd3 c5 10. O-O Bxc3 11. bxc3 Qc7 12. Bg3 Qc6 13. c4 dxc4 14. Bxc4 Ne4
15. dxc5 Nxg3 16. hxg3 Qxc5 17. Rc1 Qe7 18. Qd4 Nf6 19. Ne5 Be6 20. Bxe6 Qxe6
21. Rc7 Rad8 22. Qb2 Rd5 23. Nf3 Rd7 24. Nd4 Qd5 25. Rfc1 b6 26. Rxd7 Qxd7 27.
Qc2 Re8 28. Qc7 Re7 29. Qf4 Nd5 30. Qf3 Re8 31. Nf5 Ne7 32. Nd4 Rc8 33. Rd1 Qc7
34. Nb5 Qc6 35. Nxa7 Qxf3 36. gxf3 Rc2 37. Rd8+ Kh7 38. Rd7 Ng6 39. f4 f6 40.
a3 Rc3 41. Nb5 Rb3 42. Nd4 Rb1+ 43. Kg2 Nf8 44. Rd8 Ng6 45. Ne6 1-0